Velká Morava

Hlavní autor: Dekan, Ján, 1919-2007
Jazyk: Čeština
Vydáno: Praha, 1985
Knihy
Uloženo v:
LEADER 00477nam a22001692a 4500
001 000239000
003 CZ BrMZK
005 19961101143423.0
007 ta
008 950101s1985 xr f cze d
040 |a BOA001  |b cze 
100 1 |a Dekan, Ján,  |d 1919-2007  |7 jn20000601299 
245 1 0 |a Velká Morava 
260 |a Praha,  |c 1985 
910 |a BOA001  |b 4-0824.894-85 
990 |a BK 
996 7 |b 2619851766  |c 4-0824.894-85  |l MZK  |r Sklad / do 1 hodiny  |n 14  |w 000239000  |u 000010  |a 1  |e BOA001  |j MZK50  |s A